000 00785nam a2200253 i 4500
001 140716
003 ES-MaACL
005 20251017115916.0
007 t|
008 070914s1973 sp |||| | spa d
020 _a84-01-81012-4
080 _a821.111(417)-14"19"
100 1 _aYeats, W. B.,
_d1865-1939
_9242374
245 1 0 _aAntología /
_cWilliam Butler Yeats ; versión de Jaime Ferrán.
250 _a1ª ed.
260 _aBarcelona :
_bPlaza & Janés,
_c1973.
300 _a127 p. ;
_c20 cm.
490 1 _aSelecciones de poesía universal
546 _aTexto inglés y traducción al español.
700 1 _aFerrán, Jaime,
_d1928-
_950236
830 0 _aSelecciones de poesía universal
_9187178
852 _aES-MaACL
_jC-53032
999 _c140716
_d140716